=LDR 00000nam 2200000 4500 =001 INLIS000000000027953 =005 20130612130306 =008 ***********************************Ind** =035 ##$$0010-061300000027953 =041 ##$$a Ind =082 ##$$a 641.509 598 2 =090 ##$$a 641.509 598 2, Pip a =100 ##$$a PIPIT =245 ##$$a Aneka resep masakan Jawa, Pipit, Vika =260 ##$$a (20..?) $b Surabaya =300 ##$$a 112 hlm., 20 cm =650 ##$$a Masakan Jaa =700 ##$$a Vika =850 ##$$a NBPNMAT